000 01716cam a22004694i 4500
003 PE-LiUPU
005 20250731173121.0
008 150623s r 000 0 d
020 _a8586401145
035 _a(Sirsi) i9788586401145
040 _aPE-LiUPU
_bspa
_cPE-LiUPU
_erda
049 _aPRUA
082 0 4 _a254.02
_bC26
_221
100 1 _aVieira de Carvalho, Antonio,
_d1932-,
_eautor.
245 1 0 _aPlanejando e administrando as atividades da igreja /
_cAntonio Vieira de Carvalho.
264 1 _aSao Paulo :
_bExodus,
_c1999.
300 _a104 páginas :
_bilustraciones, cuadros, gráficos ;
_c23 centímetros
336 _atext
_2rdacontent
337 _aunmediated
_2rdamedia
338 _avolume
_2rdacarrier
490 0 _aManual de Administración ;
_v1
504 _aIncluye bibliografía.
505 0 _aAdministracao participativa na igreja. -A organizacao eclesiástica. -Autoridade e responsabilidade. -Administracao de cargos na igreja. -Administracao de salarios na igreja.
526 _aSEG42
526 _aSEG41
526 _aSEG40
526 _aSEG39
526 _aP94
526 _aP87
526 _aP86
526 _aP85
526 _aP77
526 _aP76
526 _aP35
650 0 4 _aAdministración de iglesias
_vCompendios, manuales, etc.
942 _2ddc
_cBOOK
949 _a254.02 C26
_wDEWEY
_c1
_i49558
_lCCODEBUL1
_mBUL
_r0
_sY
_tBOOK
_u2015-6-24
_xTEOLOGIA
_PP35
_0COMPRA
_o.STAFF. Colección General
994 _aC0
_bPEPRU
596 _a1
999 _a254.02 C26
_wDEWEY
_c32326
_i49558
_f2021-11-10
_g5
_lCCODEBUL1
_mBUL
_r0
_sY
_tBOOK
_u2015-6-24
_xTEOLOGIA
_PP35
_0COMPRA
_o.STAFF. Colección General
_d32326
980 _81
_gALBERTO SANCHEZ Responsable de Automatización